Essential Grammar In Use (Record no. 333315)
[ view plain ]
| 000 -LEADER | |
|---|---|
| fixed length control field | 00525nam a2200181Ia 4500 |
| 008 - FIXED-LENGTH DATA ELEMENTS--GENERAL INFORMATION | |
| fixed length control field | 230718s9999 xx 000 0 und d |
| 020 ## - INTERNATIONAL STANDARD BOOK NUMBER | |
| International Standard Book Number | 9780521133890 |
| 041 ## - LANGUAGE CODE | |
| Language code of text/sound track or separate title | eng |
| 082 ## - DEWEY DECIMAL CLASSIFICATION NUMBER | |
| Classification number | 428.2 |
| Item number | MUR |
| 100 ## - MAIN ENTRY--PERSONAL NAME | |
| Personal name | Murphy R. |
| 9 (RLIN) | 117555 |
| 245 ## - TITLE STATEMENT | |
| Title | Essential Grammar In Use |
| Remainder of title | A Self - Study Reference And Practice Book For Elementary Students Of English |
| 250 ## - EDITION STATEMENT | |
| Edition statement | 3rd ed. |
| 260 ## - PUBLICATION, DISTRIBUTION, ETC. (IMPRINT) | |
| Date of publication, distribution, etc. | 2012 |
| Name of publisher, distributor, etc. | Cambridge |
| 300 ## - PHYSICAL DESCRIPTION | |
| Extent | 319 |
| 365 ## - TRADE PRICE | |
| Currency code | Rs. |
| Price amount | 350.00 |
| 700 ## - ADDED ENTRY--PERSONAL NAME | |
| Personal name | Murphy R. |
| 9 (RLIN) | 117555 |
| 906 ## - LOCAL DATA ELEMENT F, LDF (RLIN) | |
| d | B:8923-Jul-2013 |
| c | GENRL |
| b | 87.5 |
| Withdrawn status | Lost status | Damaged status | Not for loan | Home library | Current library | Date acquired | Vendor | Budget Code | Cost, normal purchase price | Bill number | Total Checkouts | Full call number | Barcode | Date last seen | Date last checked out | Discount | Cost, replacement price | Bill Date | Koha item type | Original Barcode |
|---|---|---|---|---|---|---|---|---|---|---|---|---|---|---|---|---|---|---|---|---|
| Cummins College of Engineering for Women Pune | Cummins College of Engineering for Women Pune | 02/09/2013 | Pradeep Book Distributors | GENRL | 262.50 | 89 | 1 | 428.2 | CCEP-BK-44522 | 18/01/2024 | 02/01/2024 | 87.5 | 350.00 | 23/07/2013 | Books | 044522 |